000 00285nam a22001337a 4500
008 170907b xxu||||| |||| 00| 0 eng d
020 _a0809435504
041 _aeng
080 _a72
100 _a41
101 _aARK
245 _aWALLS AND CEILLINGS
_cGIM.R.J
942 _2udc
_cBK
999 _c26524
_d26524